Statistics for First Lines of Songs #2

Click here to take the quiz!

General Stats

  • This quiz has been taken 35,787 times
    (3,177 since last reset)
  • The average score is 12 of 20

Answer Stats

First Line Answer % Correct
Is this the real life? / Is this just fantasy?Bohemian Rhapsody / Queen
92%
Imagine there's no heavenImagine / John Lennon
91%
I see trees of green / Red roses tooWhat a Wonderful World /
Louis Armstrong
87%
Shot through the heart, and you're to blameYou Give Love a Bad Name / Bon Jovi
74%
Almost heaven, West Virginia / Blue Ridge mountains, Shenandoah riverTake Me Home, Country Roads /
John Denver
74%
(Turn around) every now and then I get a little bit lonelyTotal Eclipse of the Heart /
Bonnie Tyler
70%
I got my first real six string / Bought it at the five and dimeSummer of '69 / Bryan Adams
69%
A long, long time ago / I can still remember how that
music used to make me smile
American Pie / Don McLean
68%
It's nine o'clock on a Saturday / The regular crowd shuffles inPiano Man / Billy Joel
67%
All right stop, collaborate and listenIce, Ice Baby / Vanilla Ice
52%
She take my money when I'm in need / Yea she's a triflin' friend indeedGold Digger / Kanye West
51%
Sittin' in the mornin' sun / I'll be sittin' when the evening come(Sittin' On) The Dock of the Bay /
Otis Redding
50%
I stay out too late / Got nothing in my brain / That's what people sayShake it Off / Taylor Swift
50%
There's a lady who's sure all that glitters is goldStairway to Heaven / Led Zeppelin
47%
Well East Coast girls are hip / I really dig those styles they wearCalifornia Girls / The Beach Boys
42%
There must be some kind of way out of here / Said the joker to the thiefAll Along the Watchtower / Jimi Hendrix
42%
Some boys kiss me, some boys hug me / I think they're okayMaterial Girl / Madonna
38%
All the old paintings on the tombs / They do the sand dance don't you knowWalk Like an Egyptian / The Bangles
37%
Sometimes I feel like I don't have a partnerUnder the Bridge /
Red Hot Chili Peppers
37%
Big wheels keep on turning / Carry me home to see my kinSweet Home Alabama /
Lynyrd Skynyrd
35%

Score Distribution

Percentile by Number Answered

Percent of People with Each Score

Your Score History

You have not taken this quiz since the last reset